000 00683nas1a22002411i 4500
001 RU\NLR\INFOCOMM_49\5000054895
005 20240726061149.0
035 _a(NLR Aleph) 003428679
090 _a2807108
_c2807108
100 _a20050915c1936 |||y0rusy50 ba
101 0 _afre
102 _aRU
110 _azyuz|||0|y|
200 1 _aRapport annuel pour
_fVsesojuznoje objedinenije Exportljon. Seul exporta tour pour lelin et pour tous les article de l'U.R.S.S.
210 _aMoscou
_d1936-
710 0 2 _aExportljon
_4070
801 1 _aRU
_bInfoComm
_c20050915
801 0 _aRU
_bNLR
_gPSBO
852 _aNLR
_jP43/32
942 _cSE
980 _aINPER